00000000nam##2200000za#4500
0019.661890
003CaOODSP
00520200401064123
007co |||||||||||
008150407|2000||||xxc    |q  d f### # fre|d
040 |aCaOODSP|bfre
041 |aeng
041 |afre
043 |an-cn---
0861 |aR62-323/2000-MRC
1101 |aCanada.|bPatrimoine canadien. |bParcs Canada.
24510|aIntacts pour les générations futures? : |h[ressource électronique]|bProtection de l'intégrité écologique par les parcs nationaux du Canada. Volume I et II / |cPublié par la Commission sur l'intégrité écologique des parcs nationaux du Canada.
260 |aOttawa - Ontario : |bPatrimoine canadien. |c2000.
300 |a1 disque.
538 |a486 ou meilleur; Windows 95 ou meilleur; Acrobat Reader 4.0
546 |aBilingue
590 |a00-20|b2000-05-19
69107|aÉcologie|2gcpds
69107|aPolitique environnementale|2gcpds
69107|aParc national|2gcpds
7760#|tUnimpaired for future generations? : |w(CaOODSP)9.647630
7760#|tUnimpaired for future generations? : |w(CaOODSP)9.661581
791 |tUnimpaired for future generations? : |eeng|w(CaOODSP)9.661889